| 000 -LEADER |
| fixed length control field |
02222cam a2200349 a 4500 |
| 001 - CONTROL NUMBER |
| control field |
3310337 |
| 003 - CONTROL NUMBER IDENTIFIER |
| control field |
OSt |
| 005 - DATE AND TIME OF LATEST TRANSACTION |
| control field |
20170207112636.0 |
| 008 - FIXED-LENGTH DATA ELEMENTS--GENERAL INFORMATION |
| fixed length control field |
830920q17381755enkaef 000 0 eng |
| 010 ## - LIBRARY OF CONGRESS CONTROL NUMBER |
| LC control number |
83461286 |
| 040 ## - CATALOGING SOURCE |
| Original cataloging agency |
DLC |
| Transcribing agency |
DLC |
| Modifying agency |
DLC |
| 041 1# - LANGUAGE CODE |
| Language code of text/sound track or separate title |
engita |
| 050 00 - LIBRARY OF CONGRESS CALL NUMBER |
| Classification number |
NA2515 .P253 1965 |
| 082 00 - DEWEY DECIMAL CLASSIFICATION NUMBER |
| Classification number |
720 |
| Edition number |
19 |
| 100 1# - MAIN ENTRY--PERSONAL NAME |
| Personal name |
Palladio, Andrea, |
| Dates associated with a name |
1965. |
| 240 10 - UNIFORM TITLE |
| Uniform title |
<a href="Quattro libri dell'architettura.">Quattro libri dell'architettura.</a> |
| Language of a work |
English |
| 245 14 - TITLE STATEMENT |
| Title |
The four books of architecture / |
| Statement of responsibility, etc. |
by Andrea Palladio ... ; literally translated from the original Italian by Isaac Ware ... |
| 260 ## - PUBLICATION, DISTRIBUTION, ETC. (IMPRINT) |
| Place of publication, distribution, etc. |
London : |
| Name of publisher, distributor, etc. |
Printed for R. Ware ..., |
| Date of publication, distribution, etc. |
1965. |
| 300 ## - PHYSICAL DESCRIPTION |
| Extent |
vii, 96 p. : |
| Other physical details |
ill., plans ; |
| Dimensions |
41 cm. |
| 500 ## - GENERAL NOTE |
| General note |
Translation of: I quattro libri dell'architettura. |
| 500 ## - GENERAL NOTE |
| General note |
Added engraved general t.p., which reads: The four books of Andrea Palladio's architecture ... London : Published by Isaac Ware, MDCCXXXVII. There are also engraved special t.p.'s for books 2-4. |
| 500 ## - GENERAL NOTE |
| General note |
Signatures: pi1 2pi1 A² b1 B-2F²; 4 engr. t.p.'s. |
| 500 ## - GENERAL NOTE |
| General note |
The plates are traced and engraved exactly by Isaac Ware from Palladio's original woodcuts. Cf. t.p. and prelim. p. [5] |
| 505 0# - FORMATTED CONTENTS NOTE |
| Formatted contents note |
(from t.p.) Book I. Containing the five orders and the most necessary observations in building -- Book II. In which the designs of several houses ordered by him ... are comprised, and the designs of the ancient houses of the Greeks and Latins -- Book III. Wherein the ways, bridges, piazzas, basilica's, and xisti are treated of -- Book IV. Describing and figuring the ancient temples that are in Rome and some others that are in Italy and out of Italy. |
| 650 #0 - SUBJECT ADDED ENTRY--TOPICAL TERM |
| Topical term or geographic name as entry element |
Architecture |
| General subdivision |
Early works to 1800. |
| 700 1# - ADDED ENTRY--PERSONAL NAME |
| Personal name |
Ware, Isaac, |
| Dates associated with a name |
1965. |
| 906 ## - LOCAL DATA ELEMENT F, LDF (RLIN) |
| a |
7 |
| b |
cbc |
| c |
orignew |
| d |
2 |
| e |
ncip |
| f |
19 |
| g |
y-gencatlg |
| 942 ## - ADDED ENTRY ELEMENTS (KOHA) |
| Source of classification or shelving scheme |
|
| Koha item type |
Hard Covered Materials |
| Classification part |
NA2515 .P253 1965 |
| Call number prefix |
34531 |